|
|
แสดงรายละเอียดบรรณานุกรม |
|
|
Brief Record
: Get Marc (ISO 2709)
: E-mail record
: |
|
|
|
| LEADER 00000nama 2200000uu 4500 | |||
| 001 202460 | |||
| 003 ULIBM | |||
| 008 040531s|||| th m m a000 0 tha d | |||
| 020 ^a978-974-660-796-4 | |||
| 041 tha | |||
| 050 QZ4 พ218 2552 | |||
| 100 ลิวรรณ อุนนาภิรักษ์...[และคนอื่นๆ]. | |||
| 245 พยาธิสรีรวิทยาทางการพยาบาล/ลิวรรณ อุนนาภิรักษ์...[และคนอื่นๆ]. | |||
| 250 พิมพ์ครั้งที่ 8. | |||
| 260 กรุงเทพฯ. ภาควิชาการพยาบาลรากฐาน คณะพยาบาลศาสตร์ มหาวิทยาลัยมหิดล. 2552. | |||
| 300 471 หน้า. | |||
| 600 I. ลิวรรณ อุนนาภิรักษ์. | |||
| 650 1.การพยาบาล 2.พยาธิวิทยา 3.เซลล์วิทยา 4.สรีรวิทยา. | |||
| 995 001 | |||
| 999 ^aใช้งานได้ทุกระบบ | |||
| คุณยังไม่ได้ล็อกอิน คุณสามารถมีกิจกรรมร่วมกับเว็บไซต์ได้ แต่ต้องล็อกอินก่อน :: |
|
| สถานะ | |||||||||
| 1. | วิทยาศาสตร์สุขภาพ | QZ4 พ218 2552 | On Shelf ขอยืม | ||||||
| 2. | วิทยาศาสตร์สุขภาพ สถานะ=หนังสือเก่า - บริการ ณ ห้องสมุด (ห้องเหลือง) | QZ4 พ218 2552 ฉ.2 | On Shelf ขอยืม | ||||||
| 3. | วิทยาศาสตร์สุขภาพ สถานะ=หนังสือเก่า - บริการ ณ ห้องสมุด (ห้องเหลือง) | QZ4 พ218 2552 ฉ.4 | On Shelf ขอยืม | ||||||
| 4. | วิทยาศาสตร์สุขภาพ สถานะ=หนังสือเก่า - บริการ ณ ห้องสมุด (ห้องเหลือง) | QZ4 พ218 2552 ฉ.7 | On Shelf ขอยืม | ||||||
| 5. | วิทยาศาสตร์สุขภาพ สถานะ=หนังสือเก่า - บริการ ณ ห้องสมุด (ห้องเหลือง) | QZ4 พ218 2552 ฉ.8 | On Shelf ขอยืม | ||||||
| 6. | วิทยาศาสตร์สุขภาพ สถานะ=หนังสือเก่า - บริการ ณ ห้องสมุด (ห้องเหลือง) | QZ4 พ218 2552 ฉ.9 | On Shelf ขอยืม | ||||||
| [แสดง 6/6 รายการ] | |||||||||
BibComment |
| คอมเมนท์ทรัพยากรรายการนี้ |
|
|